Luzon and Mindanao / (Record no. 2967)
[ view plain ]
| 000 -LEADER | |
|---|---|
| fixed length control field | 00838nam a2200217 4500 |
| 008 - FIXED-LENGTH DATA ELEMENTS--GENERAL INFORMATION | |
| fixed length control field | 010816s1998 ph engYA |
| 020 ## - INTERNATIONAL STANDARD BOOK NUMBER | |
| International Standard Book Number | 9711360195 |
| 090 ## - LOCALLY ASSIGNED LC-TYPE CALL NUMBER (OCLC); LOCAL CALL NUMBER (OCLC) | |
| Classification number (OCLC) (R) ; Classification number, CALL (RLIN) (NR) | DS658 |
| Local cutter number (OCLC) ; Book number/undivided call number, CALL (RLIN) | Al2 |
| 100 1# - MAIN ENTRY--PERSONAL NAME | |
| Personal name | Alencon, Duc D' |
| 245 10 - TITLE STATEMENT | |
| Title | Luzon and Mindanao / |
| Statement of responsibility, etc | by Duc D' Alencon. |
| 260 ## - PUBLICATION, DISTRIBUTION, ETC. (IMPRINT) | |
| Place of publication, distribution, etc | Manila : |
| Name of publisher, distributor, etc | National Historical Institute, |
| Date of publication, distribution, etc | c1998. |
| 300 ## - PHYSICAL DESCRIPTION | |
| Extent | v, 73 : |
| Other physical details | ill. |
| 651 #4 - SUBJECT ADDED ENTRY--GEOGRAPHIC NAME | |
| Geographic name | Luzon (Philippines) |
| General subdivision | Description adn travel |
| Chronological subdivision | 18th century. |
| 651 #4 - SUBJECT ADDED ENTRY--GEOGRAPHIC NAME | |
| Geographic name | Luzon (Philippines) |
| General subdivision | History |
| Chronological subdivision | 18th century. |
| 651 #4 - SUBJECT ADDED ENTRY--GEOGRAPHIC NAME | |
| Geographic name | Mindanao (Phili[[ines) |
| General subdivision | History |
| -- | 8th century. |
| 651 #4 - SUBJECT ADDED ENTRY--GEOGRAPHIC NAME | |
| Geographic name | Mindanao (Philippines) |
| General subdivision | Description and travel |
| Chronological subdivision | 18th century. |
| 651 #4 - SUBJECT ADDED ENTRY--GEOGRAPHIC NAME | |
| Geographic name | Philippines |
| General subdivision | Description and travel |
| Chronological subdivision | 18th century. |
| 651 #4 - SUBJECT ADDED ENTRY--GEOGRAPHIC NAME | |
| Geographic name | Philippines |
| General subdivision | History |
| Chronological subdivision | 18th century. |
| 951 ## - EQUIVALENCE OR CROSS-REFERENCE-GEOGRAPHIC NAME/AREA NAME [OBSOLETE] [CAN/MARC only] | |
| General subdivision | 00014627 |
| 951 ## - EQUIVALENCE OR CROSS-REFERENCE-GEOGRAPHIC NAME/AREA NAME [OBSOLETE] [CAN/MARC only] | |
| -- | 23813 |
| -- | DS658/Al2 |
| -- | 070613110945843 |
| -- | 2000-12-21 |
| -- | REF |
| Withdrawn status | Lost status | Damaged status | Not for loan | Home library | Current library | Shelving location | Date acquired | Accession number | Shelving control number | Total Checkouts | Full call number | Barcode | Date last seen | Price effective from | Koha item type |
|---|---|---|---|---|---|---|---|---|---|---|---|---|---|---|---|
| BSOP Library | BSOP Library | Reference | 12/21/2000 | 23813 | 127 | DS658/Al2 | 00014627 | 02/23/2013 | 02/23/2013 | Books |
